[Event "SWE-chT 9394"]
[Site "Sweden"]
[Date "1994.??.??"]
[Round "9"]
[White "Helgason, Reynir"]
[Black "Kinnmark, Ove"]
[Result "1-0"]
[WhiteElo "2340"]
[BlackElo "2365"]
[PlyCount "51"]
[EventDate "1993.??.??"]
[EventType "team"]
[EventRounds "9"]
[EventCountry "SWE"]
[SourceTitle "EXT 2000"]
[Source "ChessBase"]
[SourceDate "1999.11.16"]
[SourceVersion "1"]
[SourceVersionDate "1999.11.16"]
[SourceQuality "1"]

1. d4 Nf6 2. Nf3 d5 3. c4 e6 4. Nc3 Be7 5. cxd5 exd5 6. Bg5 c6 7. Qc2 Nbd7 8. e3 Nf8 9. Bd3 h6 10. Bh4 N6d7 11. Bg3 Ne6 12. 0-0 0-0 13. h3 Nf6 14. Rab1 Bd6 15. Ne2 Ng5 16. Ne5 Qe7 17. f4 Nge4 18. Bh4 g5 19. Be1 c5 20. Nc3 Nxc3 21. bxc3 b6 22. fxg5 hxg5 23. Bg3 Nh5 24. Bh7+ Kh8 25. Rxf7 Rxf7 26. Ng6+ 1-0